000 00594nam a2200169 4500
999 _c4024
_d4024
008 160822b xxu||||| |||| 00| 0 eng d
022 _a2094-8042
082 _aDPer 370.105 M72 Jan-Dec 2012 v. 60-61
100 _913437
_aCalampinay, Violeta S.
243 _aThe modern teacher
245 _aDynamic Supervision key to to effective classroom management/
_cVioleta S. Calampinay.
260 _aPhilippines:
_bIn the Grade School, Inc.,
_c©2012.
300 _apage 317;
_c28 cm.
500 _aThe Modern Teacher
650 0 _913438
_aClassroom Management
_xSupervision
942 _2ddc
_cPER